000
00325nam a2200145Ia 4500
008
191201s2004 xx 000 0 und d
100
_a
KEVIN
245
0
_a
GUTS
250
_a
1ts
260
_a
N.Delhi
_b
Orefend University Press
_c
2004
300
_a
kev
650
_a
General Books
700
_a
FRIEBERG
942
_2
ddc
_c
BK
999
_c
1182
_d
1182